Who Scored The Goal? (Galatasaray 22/23) - Statistics

General Stats
  • This quiz has been taken 111 times
  • The average score is 39 of 77
Answer Stats
Matches Scorer % Correct
Antalyaspor - Galatasaray90' 0-1 Bafetimbi Gomis
86%
Ümraniyespor - Galatasaray86' 0-1 Bafetimbi Gomis
86%
Galatasaray - Gaziantep FK36' 1-1 Bafetimbi Gomis
83%
Galatasaray - Fenerbahçe71' 2-0 Mauro Icardi
74%
Fenerbahçe - Galatasaray90+10' 0-3 Mauro Icardi
72%
Galatasaray - Fenerbahçe28' 1-0 Nicolo Zaniolo
71%
Galatasaray - Fenerbahçe79' 3-0 Nicolo Zaniolo
71%
Galatasaray - Beşiktaş18' 1-0 Mauro Icardi
69%
Galatasaray - Beşiktaş59' 2-1 Mauro Icardi
69%
Başakşehir - Galatasaray14' 0-1 Kerem Aktürkoğlu
66%
Fenerbahçe - Galatasaray78' 0-2 Kerem Aktürkoğlu
66%
Başakşehir - Galatasaray85' 0-6 Kerem Aktürkoğlu
65%
Başakşehir - Galatasaray45' 0-2 Mauro Icardi
65%
Başakşehir - Galatasaray59' 0-4 Kerem Aktürkoğlu
63%
Fenerbahçe - Galatasaray32' 0-1 Sergio Oliveira
63%
Başakşehir - Galatasaray88' 0-7 Abdülkerim Bardakcı
62%
Beşiktaş - Galatasaray20' 0-1 Mauro Icardi
60%
Kasımpaşa - Galatasaray50' 1-2 Kerem Aktürkoğlu
58%
Kasımpaşa - Galatasaray69' 1-3 Kerem Aktürkoğlu
58%
Kasımpaşa - Galatasaray20' 1-1 Bafetimbi Gomis
57%
Başakşehir - Galatasaray65' 0-5 Dries Mertens
57%
Galatasaray - Ümraniyespor83' 3-2 Mauro Icardi
57%
Galatasaray - Alanyaspor22' 2-0 Mauro Icardi
55%
Galatasaray - Trabzonspor53' 2-1 Mauro Icardi
55%
Galatasaray - Sivasspor13' 1-0 Mauro Icardi
55%
Ankaragücü - Galatasaray7' 0-1 Mauro Icardi
55%
Ankaragücü - Galatasaray38' 1-2 Mauro Icardi
55%
Galatasaray - Trabzonspor18' 1-1 Dries Mertens
54%
Galatasaray - Ümraniyespor60' 2-2 Mauro Icardi
54%
Galatasaray - Alanyaspor11' 1-0 Dries Mertens
52%
Galatasaray - Kayserispor18' 1-0 Mauro Icardi
52%
Galatasaray - Başakşehir45+8' 1-0 Mauro Icardi
52%
İstanbulspor - Galatasaray45+1' 0-1 Mauro Icardi
52%
İstanbulspor - Galatasaray89' 0-2 Mauro Icardi
52%
Galatasaray - Sivasspor63' 2-0 Mauro Icardi
52%
Galatasaray - Kayserispor42' 3-0 Mauro Icardi
49%
Galatasaray - Konyaspor1' 1-0 Sergio Oliveira
49%
Sivasspor - Galatasaray90+5' 1-2 Barış Alper Yılmaz
48%
Galatasaray - Kayserispor59' 5-0 Kerem Aktürkoğlu
48%
Galatasaray - Fatih Karagümrük80' 3-3 Sacha Boey
48%
Ankaragücü - Galatasaray78' 1-4 Sergio Oliveira
48%
Fatih Karagümrük - Galatasaray85' 0-2 Juan Mata
46%
Galatasaray - Antalyaspor49' 1-0 Mauro Icardi
46%
Galatasaray - Kayserispor45+12' 4-0 Mauro Icardi
46%
Galatasaray - Kayserispor71' 6-0 Nicolo Zaniolo
46%
Galatasaray - Hatayspor45+4' 2-0 Juan Mata
45%
Galatasaray - Hatayspor45+6' 3-0 Juan Mata
45%
Kayserispor - Galatasaray86' 2-1 Barış Alper Yılmaz
43%
Galatasaray - Fatih Karagümrük3' 1-0 Kerem Aktürkoğlu
43%
Galatasaray - Adana Demirspor90+8' 2-0 Nicolo Zaniolo
43%
Ankaragücü - Galatasaray73' 1-3 Barış Alper Yılmaz
42%
Sivasspor - Galatasaray27' 0-1 Dries Mertens
42%
Alanyaspor - Galatasaray42' 1-2 Mauro Icardi
42%
Konyaspor - Galatasaray31' 0-1 Milot Rashica
42%
Galatasaray - Kasımpaşa57' 1-0 Nicolo Zaniolo
42%
Galatasaray - İstanbulspor15' 1-0 Bafetimbi Gomis
40%
Galatasaray - İstanbulspor37' 2-0 Bafetimbi Gomis
40%
Fatih Karagümrük - Galatasaray60' 0-1 Emre Taşdemir
40%
Galatasaray - Hatayspor9' 1-0 Kerem Aktürkoğlu
40%
Giresunspor - Galatasaray60' 0-2 Leo Dubois
40%
Galatasaray - Kayserispor24' 2-0 Milot Rashica
40%
Galatasaray - Ümraniyespor32' 1-1 Abdülkerim Bardakcı
38%
Galatasaray - Ankaragücü30' 2-1 Bafetimbi Gomis
38%
Galatasaray - Adana Demirspor86' 1-0 Fredrik Midtsjö
38%
Galatasaray - Ankaragücü16' 1-1 Barış Alper Yılmaz
37%
Galatasaray - Gaziantep FK90+1' 2-1 Stelios Kitsiou (OG)
37%
Başakşehir - Galatasaray45+4' 0-3 Youssouf Ndayishimiye (OG)
37%
Giresunspor - Galatasaray90+5' 0-4 Yunus Akgün
37%
Giresunspor - Galatasaray45+3' 0-1 Dries Mertens
35%
Alanyaspor - Galatasaray48' 1-3 Dries Mertens
35%
Giresunspor - Galatasaray88' 0-3 Milot Rashica
35%
Galatasaray - Hatayspor76' 4-0 Bafetimbi Gomis
34%
Galatasaray - Fatih Karagümrük45+1' 2-3 Sergio Oliveira
34%
Galatasaray - Konyaspor82' 2-1 Fransisco Calvo (OG)
29%
Alanyaspor - Galatasaray63' 1-4 Milot Rashica
29%
Alanyaspor - Galatasaray14' 0-1 Abdülkerim Bardakcı
26%
Galatasaray - Antalyaspor59' 2-1 Sherel Floranus (OG)
25%
No matching quizzes found
Score Distribution
Percent of People with Each Score
Percentile by Number Answered
Your Score History
You have not taken this quiz